| 000 | 01123nam a22002537a 4500 | ||
|---|---|---|---|
| 003 | PE SENCICO BE | ||
| 005 | 20251020182639.0 | ||
| 008 | 230703b |||||||| |||| 00| 0 eng d | ||
| 040 |
_aPE SENCICO BE _cPE SENCICO BE |
||
| 041 | _aspa | ||
| 084 |
_aI _aTOP _a2015 _bC25 |
||
| 100 | 1 |
_91188 _aChate Añanca, Marco Antonio _eautor |
|
| 245 | 1 |
_aLevantamiento topográfico y mejoramiento de las vías internas en la asociación de propietarios de vivienda la Merced y la Asociación de Propietarios de Vivienda Chavín de Huantar I, distrito de "Puente Piedra - Lima - Lima" / _cMarco Antonio Chate Añanca |
|
| 260 |
_aLima : _c2015 |
||
| 300 |
_a50 hojas : _bplanos pleg., il. col. ; _c29 cm. |
||
| 502 | _aServicio Nacional de Capacitación para la Industria de la Construcción. Escuela Superior Técnica. Carrera Profesional Técnica en Topografía y Geodesía, 2015. | ||
| 504 | _aReferencias bibliográficas: h. 36. | ||
| 650 | 1 | 4 |
_94 _aTopografía |
| 650 | 2 | 4 |
_9116 _aLevantamiento topográfico |
| 650 | 2 | 4 |
_9528 _aPlanificación urbana |
| 650 | 2 | 4 |
_9762 _aDiseño urbano |
| 910 |
_bhfp _chfp |
||
| 942 | _cMON | ||
| 999 |
_c4216 _d4216 |
||